História pôrodníctva v Kežmarku - 105 rokov od vzniku Mestskej všeobecnej nemocnice

Bibliographic Details
Main Author: Kopaničák, Martin (Author)
Format: Article
Language:Slovak
PhysicalDescription:Fotogr.
Subjects:

MARC

LEADER 00000nab a2200000 ar4500
001 vtls010480490
003 SK-MaSNL
005 20260303223819.0
008 121228c2012 xo sr|p|||||||000 b|slo
038 |a PPPK 
040 |a PPPKCL  |b slo  |c PPPKCL  |e AACR2 
041 0 |a slo 
044 |a xo  |c SK 
080 |a 614.2:725.511  |x (437.671.113.123)  |2 2001 
080 |a 618.2  |2 2001 
080 |a 61(091)  |2 2001 
100 1 |a Kopaničák, Martin  |4 aut  |9 1258829 
245 1 0 |a História pôrodníctva v Kežmarku - 105 rokov od vzniku Mestskej všeobecnej nemocnice  |c MUDr. Martin Kopaničák 
300 |b Fotogr. 
610 2 7 |a Nemocnica Dr. Vojtecha Alexandra (Kežmarok, Slovensko)  |2 pppkcl  |9 1036158 
610 2 7 |a Nemocnica Dr. Vojtecha Alexandra (Kežmarok, Slovensko).  |b Gynekologicko-pôrodnícke oddelenie  |2 pppkcl  |9 1246937 
648 7 |a 105. výročie založenia  |2 pppkcl  |9 1258830 
650 0 7 |a nemocnice  |2 pppkcl  |9 3008 
650 0 7 |a pôrodníctvo  |2 pppkcl  |9 2475 
650 0 7 |a dejiny medicíny  |2 pppkcl  |9 112274 
651 7 |a Kežmarok (Slovensko)  |2 pppkcl  |9 26808 
773 0 |t Kežmarok  |g Roč. XX, č. 19 (2012), s. 10-11 
852 |a PPPK  |b KIS3GCP 
999 |c 2249404  |d 2251334